| 000 | 00846nam a2200241Ia 4500 | ||
|---|---|---|---|
| 003 | GCL | ||
| 008 | 140319s9999 xx 000 0 ara d | ||
| 040 |
_aGCL / _cGCL |
||
| 082 | 0 | 4 |
_a811.1 _bح د |
| 100 | 1 | _aالطائى يحيى بن مدراء | |
| 245 | 1 | 0 |
_aديوان شعر حاتم بن عبداللهالطائى واخباره / _cالطائى يحيى بن مدراء |
| 700 | 1 | _aالكلبى هشام بن محمد | |
| 700 | 1 | _aعادل سليمان جمال | |
| 700 | 1 | _aحاتم الطائى، حاتم بن عبدالله بن سعد، -575 م | |
| 260 |
_a[S.N] : _bمكتبة الخانجى ، _c1990 |
||
| 300 | _a431 ص | ||
| 490 | _a | ||
| 650 | 0 | 4 | _aالشعر العربى |
| 650 | 0 | 4 | _aالعصر الجاهلى |
| 650 | 0 | 4 | _aدواوين وقصائد |
| 650 | 0 | 4 | _aحاتم الطائى |
| 942 |
_2ddc _cBK |
||
| 999 |
_c36812 _d36812 |
||